Absorption spectrum changes during dark decay of phytochrome 730 in plants (Record no. 22201)

MARC details
000 -LEADER
fixed length control field 00322nam a2200109Ia 4500
082 ## - DEWEY DECIMAL CLASSIFICATION NUMBER
Classification number 581.19
Item number SPR
100 ## - MAIN ENTRY--AUTHOR NAME
Personal name SPRUIT, C J P
245 #0 - TITLE STATEMENT
Title Absorption spectrum changes during dark decay of phytochrome 730 in plants
260 ## - PUBLICATION, DISTRIBUTION, ETC. (IMPRINT)
Place of publication Nederland
Name of publisher Mededelingen
Year of publication 1965
942 ## - ADDED ENTRY ELEMENTS (KOHA)
Koha item type Books
Holdings
Withdrawn status Lost status Damaged status Not for loan Home library Current library Date acquired Full call number Accession Number Koha item type
        RRII Library RRII Library 16/12/2021 581.19 SPR 02919 Books